Statistics for Croatia 2018 FIFA World Cup Squad

Click here to take the quiz!

General Stats

  • This quiz has been taken 478 times
  • The average score is 17 of 24

Answer Stats

PositionPlayerClub% Correct
MFLuka ModrićReal Madrid
99%
MFIvan RakitićBarcelona
96%
DFDejan LovrenLiverpool
91%
FWMario MandžukićJuventus
91%
GKDanijel SubašićMonaco
88%
DFDomagoj VidaBeşiktaş
88%
FWIvan PerišićInter Milan
88%
MFMateo KovačićReal Madrid
86%
FWAnte RebicEintracht Frankfurt
81%
FWAndrej Kramarić1899 Hoffenheim
78%
MFMarcelo BrozovićInter Milan
78%
DFŠime VrsaljkoAtlético Madrid
76%
GKLovre KalinićGent
69%
FWNikola KalinićAC Milan
68%
DFVedran ĆorlukaLokomotiv Moscow
63%
GKDominik LivakovićDinamo Zagreb
62%
CoachZlatko Dalić
62%
DFIvan StrinićSampdoria
56%
MFMilan BadeljFiorentina
54%
DFTin JedvajBayer Leverkusen
51%
FWMarko PjacaSchalke 04
45%
DFDuje Ćaleta-CarRed Bull Salzburg
41%
DFJosip PivarićDynamo Kyiv
39%
MFFilip BradarićRijeka
32%

Score Distribution

Percentile by Number Answered

Percent of People with Each Score

Your Score History

You have not taken this quiz